| 000 | 00609nam a2200241 a 4500 | ||
|---|---|---|---|
| 001 | nice12345678 | ||
| 003 | IN_TiNIC | ||
| 005 | 20260116012257.0 | ||
| 008 | 050524s1986 usaa grp 000 0 eng | ||
| 020 |
_a0849943 _c10 |
||
| 082 | 0 | 0 |
_a253 _bHAG |
| 100 | _aHaggai, John | ||
| 245 |
_aLead On _b Leadership: That Endures in a Changing World |
||
| 260 |
_aUSA _bWord Book _c1986 |
||
| 300 | _a208p | ||
| 500 | _aincludes index and biblioraphy | ||
| 505 | 2 | _aIndex, Bibliography | |
| 650 | _aPastoral Theology | ||
| 700 | 1 | _aHaggai, John | |
| 902 | _bSRS | ||
| 942 | _cBK | ||
| 999 |
_c6360 _d6360 |
||